• 首页
  • 本馆介绍
  • 公告通知
  • 最新文献
  • 馆藏检索
  • 电子资源
  • 读者导购
  • 参考咨询
  • 我的图书馆
  • 登录
  • 详细信息显示
  • 放入我的书架
  • 预约/预借图书
  • 作者相关作品
  • 分类相关作品
  • 丛书相关作品
  • 出版社相关作品

书目信息

  • 表格格式
  • 工作单格式
  • 卡片格式
题名:
中外名言锦语选
    
 
作者: 林泽生 , 黎伟东 编
分册:  
出版信息: 南宁   广西人民出版社  1982
页数: 426页
开本: 17cm
丛书名: 智慧的花朵丛书
单 册:
中图分类: H136.3 , H033
科图分类:
主题词: 名句--世界--汇编 , 思想政治教育--青年读物 , 语义学 , 词汇学
电子资源:
ISBN:
000 00841oam2 2200301 450
001 1553870563
005 20150120145817.00
010    @dCNY0.83
091    @a10113.236@dCNY0.83
100    @a20080406d1982 em y0chiy0121 ea
101 0  @achi
102    @aCN@b450000
105    @ay z 000yy
200 1  @a中外名言锦语选@9zhong wai ming yan jin yu xuan@e续编@f林泽生, 黎伟东编
210    @a南宁@c广西人民出版社@d1982
215    @a426页@d17cm
225 2  @a智慧的花朵丛书@9zhi hui de hua duo cong shu
461  0 @12001 @a智慧的花朵丛书
606 0  @a名句@y世界@x汇编
606 0  @a思想政治教育@x青年读物
606 0  @a语义学
606 0  @a词汇学
690    @aH136.3@v5
690    @aH033@v4
701  0 @a林泽生@9lin ze sheng@4编
701  0 @a黎伟东@9li wei dong@4编
801  0 @aCN@bTSSF@c20150120
905    @aZUCC@dH033@eJY63
    
    中外名言锦语选:续编/林泽生, 黎伟东编.-南宁:广西人民出版社,1982
    426页;17cm.-(智慧的花朵丛书)
    
    
    ISBN :CNY0.83
    
●
相关链接 在E读中查询图书 在五车中查询图书 在当当中查询图书 在豆瓣中查询图书


正题名:中外名言锦语选     索取号:H033/JY63         预约/预借

序号 登录号 条形码 馆藏地/架位号 状态 备注
1 7850054   278500542   学院路分馆/ [索取号:H033/JY63] 在馆    
2 7850055   278500551   学院路分馆/ [索取号:H033/JY63] 在馆    
唐山师范学院图书馆 欢迎您!
大连网信软件有限公司© 版权所有